000 00313nam a2200133Ia 4500
100 _aBraun/ Dietrich
942 _cBK
654 _aPlastics
245 _aSimple methods for identification of plastics
260 _bHanser publishers
_aMunich
_c1986
082 _a668.4
_bBRA
300 _a110
546 _aENGLISH
999 _c19797
_d19797